Estadísticas para Provincias de España por PIB per cápita

Haz click aquí para intentar la prueba.

Estadísticas generales

  • Esta prueba ha sido intentada 185 veces
  • La puntuación promedio es 27 de 50

Estadísticas de respuestas

PIB per cápita (Euros)InicialProvincia% Correcto
28.865 MMadrid
96%
31.894 ÁÁlava
94%
27.663 NNavarra
88%
26.407 BBarcelona
87%
30.226 GGuipúzcoa
86%
25.469 TTarragona
85%
26.226 LLleida
81%
25.301 ZZaragoza
81%
28.780 VVizcaya
76%
25.955 TTeruel
75%
23.643 HHuesca
73%
25.463 GGirona
72%
24.195 PPalencia
71%
26.639 BBurgos
66%
24.794 VValladolid
66%
15.364 JJaén
65%
20.975 VValencia
59%
24.384 SSegovia
57%
20.495 ÁÁvila
56%
18.075 HHuelva
54%
20.264 ZZamora
54%
15.644 BBadajoz
52%
23.600 IIslas Baleares
52%
22.649 SSoria
52%
16.436 GGranada
47%
17.833 OOurense
47%
22.907 CCantabria
46%
19.798 PPontevedra
46%
21.970 AAsturias
44%
21.668 LLeón
44%
19.277 LLugo
44%
20.016 SSalamanca
44%
23.920 CCastellón
43%
24.482 LLa Rioja
43%
16.807 MMálaga
42%
16.572 CCáceres
40%
16.085 CCórdoba
40%
18.429 MMurcia
39%
18.225 SSevilla
39%
17.017 TToledo
39%
16.972 GGuadalajara
38%
16.632 AAlbacete
36%
19.695 AAlmería
34%
17.799 CCádiz
33%
18.689 AAlicante
32%
17.995 CCiudad Real
28%
20.457 LLas Palmas
27%
19.078 CCuenca
26%
20.729 AA Coruña
25%
19.269 SSanta Cruz de Tenerife
21%

Distribución de puntuación

Porcentaje por número respondido

Porcentaje de gente con cada puntuación

Historial de tus puntuaciones

No has intentado esta prueba.